STN EN 934-7: 2025 (72 2324), Prísady do betónu, mált a zálievok Časť 7 Prísady redukujúce zmrašťovanie : definície, požiadavky, zhoda, označovanie a etiketovanie

Táto slovenská technická norma je slovenskou verziou európskej normy EN 934-7: 2024. Preklad zabezpečil Úrad pre normalizáciu, metrológiu a skúšobníctvo Slovenskej republiky. Táto STN EN 934-7: 2024 norma má rovnaké postavenie ako majú oficiálne verzie

Bibliographic Details
Other Authors: Kováč, Marek (Translator)
Format: Book
Language:Slovak
English
PhysicalDescription:12 strán tabuľky 30 cm
Published: Bratislava Úrad pre normalizáciu, metrológiu a skúšobníctvo Slovenskej republiky 2025
Subjects:

MARC

LEADER 00000cam a2200000 4500
001 vtls012282058
003 SK-MaSNL
005 20260426014522.0
008 250902s2025 xo a f u 000 0 slo
015 |a SNBN2025 
020 |q (brožované) 
040 |a SNK  |b slo  |c SNK  |e rda 
041 1 |a slo  |h eng 
043 |a e-xo---  |a e------ 
044 |a xo  |c SK 
046 |a s  |m 20250601 (účinná) 
072 7 |a 006  |x Metrológia. Štandardizácia  |2 konspekt 
072 7 |a 691  |x Stavebné hmoty  |2 konspekt 
072 7 |a 66  |x Chemický priemysel. Chemická technológia  |2 konspekt 
080 |a 006.7/.8  |2 2011 
080 |a (437.6)  |2 2011 
080 |a (4-6EU)  |2 2011 
080 |a (083)  |2 2011 
080 |a 691.32  |2 2011 
080 |a 691.53  |2 2011 
080 |a 66.022.3  |2 2011 
084 |a 91.100.30  |2 ICS 
130 0 |a STN 72 2324 (STN EN 934-7)  |9 737489 
245 1 0 |a STN EN 934-7: 2025 (72 2324), Prísady do betónu, mált a zálievok  |n Časť 7  |p Prísady redukujúce zmrašťovanie : definície, požiadavky, zhoda, označovanie a etiketovanie 
246 3 0 |a Prísady do betónu, mált a zálievok 
246 3 0 |a Prísady redukujúce zmrašťovanie 
246 3 0 |a Definície, požiadavky, zhoda, označovanie a etiketovanie 
246 3 1 |a EN 934-7: 2024 
264 1 |a Bratislava  |b Úrad pre normalizáciu, metrológiu a skúšobníctvo Slovenskej republiky  |c 2025 
300 |a 12 strán  |b tabuľky  |c 30 cm 
336 |a text  |b txt  |2 rdacontent 
337 |a bez média  |b n  |2 rdamedia 
338 |a zväzok  |b nc  |2 rdacarrier 
500 |a Preložené z angličtiny 
500 |a Spracovateľ: Marek Kováč, Košice 
504 |a Normatívne referenčné dokumenty na strane 2 
520 8 |a Táto slovenská technická norma je slovenskou verziou európskej normy EN 934-7: 2024. Preklad zabezpečil Úrad pre normalizáciu, metrológiu a skúšobníctvo Slovenskej republiky. Táto STN EN 934-7: 2024 norma má rovnaké postavenie ako majú oficiálne verzie 
540 |a STN vydané na akomkoľvek nosiči sa môžu rozmnožovať a rozširovať iba so súhlasom určenej právnickej osoby  |b ÚNMS SR Bratislava  |c zákon 60/2018 Z. z. 
546 |a Súbežný názov v angličtine, francúzštine a nemčine 
650 0 7 |a technické normy a štandardy  |2 SNKPH  |9 69944 
650 0 7 |a betón  |2 SNKPH  |9 1685 
650 0 7 |a malty  |2 SNKPH  |9 51255 
650 0 7 |a prídavné látky  |2 SNKPH  |9 54757 
650 0 7 |a Technical standards  |2 SNKPHeng  |9 291771 
650 0 7 |a Concrete  |2 SNKPHeng  |9 302547 
650 0 7 |a mortar  |2 SNKPHeng  |9 361358 
650 0 7 |a Additives  |2 SNKPHeng  |9 571745 
651 7 |a Slovensko  |2 SNKPHgeo  |9 14231 
651 7 |a krajiny Európskej únie  |2 SNKPHgeo  |9 31482 
651 7 |a Slovakia  |2 SNKPHeng  |9 92630 
651 7 |a European Union countries  |2 SNKPHeng  |9 276031 
655 7 |a normy  |2 SNKPH  |9 70643 
655 7 |a Standards  |2 SNKPHeng  |9 287969 
700 1 |a Kováč, Marek  |4 trl  |9 448091 
710 1 |a Slovensko.  |b Úrad pre normalizáciu, metrológiu a skúšobníctvo  |4 stn  |9 158117 
710 2 |a Slovensko.  |b Úrad pre normalizáciu, metrológiu a skúšobníctvo.  |b Technická komisia č. 123 Výroba, skúšanie betónu a zhotovovanie betónových konštrukcií  |4 stn  |9 448092 
958 |a OP 
999 |c 1160191  |d 1162121 
952 |a SNK  |b SNK  |y NEVYP  |7 1  |p 17A1577215  |o snkSTN EN 934-7  |i snk2025/14624  |8 0  |0 0  |1 0  |4 0  |d 2025-09-17  |l 0  |r 2026-02-24 20:30:39  |w 2026-02-24